Search the Library Catalogue
| 000 -LEADER | |
|---|---|
| fixed length control field | 00652nam a2200193Ia 4500 |
| 008 - FIXED-LENGTH DATA ELEMENTS--GENERAL INFORMATION | |
| fixed length control field | 191130s2007##################000#0#eng## |
| 020 ## - INTERNATIONAL STANDARD BOOK NUMBER | |
| ISBN | 9780335215294 |
| 082 ## - DEWEY DECIMAL CLASSIFICATION NUMBER | |
| Classification number | 301.072 LET |
| 100 ## - MAIN ENTRY--AUTHOR NAME | |
| Personal name | Bywaters, Paul |
| 245 ## - TITLE STATEMENT | |
| Title | Extending social research: application, implementation and publication |
| Statement of responsibility, etc | Paul Bywaters, Gayle Letherby |
| 260 ## - PUBLICATION, DISTRIBUTION, ETC. (IMPRINT) | |
| Place of publication | Maidenhead, Berkshire |
| Name of publisher | Open University Press |
| Year of publication | 2007 |
| 300 ## - PHYSICAL DESCRIPTION | |
| Number of Pages | xv, 175 p. : ill. ; 24 cm |
| 500 ## - GENERAL NOTE | |
| General note | Includes bibliographical references and index |
| 650 ## - SUBJECT ADDED ENTRY--TOPICAL TERM | |
| Topical Term | Social sciences -- Research |
| 991 ## - | |
| -- | 231572 |
| Withdrawn status | Lost status | Damaged status | Not for loan | Home library | Current library | Shelving location | Date acquired | Full call number | Accession Number | Price effective from | Koha item type |
|---|---|---|---|---|---|---|---|---|---|---|---|
| Anna Centenary Library | Anna Centenary Library | 3RD FLOOR, B WING | 13.10.2020 | 301.072 LET | 254845 | 13.10.2020 | English Books |